• 首页
  • 本馆介绍
  • 公告通知
  • 最新文献
  • 馆藏检索
  • 电子资源
  • 读者导购
  • 参考咨询
  • 我的图书馆
  • 登录
  • 详细信息显示
  • 放入我的书架
  • 预约/预借图书
  • 作者相关作品
  • 分类相关作品
  • 丛书相关作品
  • 出版社相关作品

书目信息

  • 表格格式
  • 工作单格式
  • 卡片格式
题名:
毛泽东文艺思想新论
    
 
作者: 丁振海 , 李准 著
分册:  
出版信息: 北京   文化艺术出版社  1983
页数: 232页
开本: 21cm
丛书名:
单 册:
中图分类: A841.691
科图分类:
主题词: 毛泽东著作研究--专题汇编--文艺
电子资源:
ISBN:
000 00685nam0 2200241 45
001 0183005707
005 20060727112550.75
010    @dCNY0.85
091    @a10228.077
100    @a19950605d1983 emky0chiy0121 ea
101 0  @achi
102    @aCN@b110000
105    @ay z 000yy
200 10 @a毛泽东文艺思想新论@Amao ze dong wen yi si xiang xin lun@f李准,丁振海著@FLi Zhun,Ding Zhen Hai Zhu
210    @a北京@c文化艺术出版社@d1983
215    @a232页@d21cm
606    @a毛泽东著作研究@x专题汇编@x文艺
690    @aA841.691@v3
701  0 @a丁振海@4著
701  0 @a李准@4著
801  2 @aCN@bNLC@c20060727
801  0 @aCN@b上海图书馆@c20050317
905    @f1@b99273@dA841.691@e10
    
    毛泽东文艺思想新论/李准,丁振海著.-北京:文化艺术出版社,1983
    232页;21cm
    
    
    ISBN :CNY0.85
    
●
相关链接 在E读中查询图书 在五车中查询图书 在当当中查询图书 在豆瓣中查询图书


正题名:毛泽东文艺思想新论     索取号:A841.691/10         预约/预借

序号 登录号 条形码 馆藏地/架位号 状态 备注
1 0099273   001981840   第一借阅区/ [索取号:A841.691/10] 在馆    
2 0099275   001389250   第一样本阅览室/ [索取号:A841.691/10] 在馆    
3 0439989   204399891   密集书库/ [索取号:A841.691/10] 在馆    
唐山师范学院图书馆 欢迎您!
大连网信软件有限公司© 版权所有